| 000 | 00706nam a22002057a 4500 | ||
|---|---|---|---|
| 999 |
_c9210 _d9210 |
||
| 003 | AR-CdUCM | ||
| 008 | 190327b ||||| |||| 00| 0 spa d | ||
| 040 |
_aMUNICIPALIDAD PROVINCIAL DEL CUSCO _cBIBLIOTECA MUNICIPAL DEL CUSCO |
||
| 082 |
_a869.56 / _bB93 |
||
| 100 |
_aBuona, Eugenio _95210 |
||
| 245 | _aHistorias como fabulas / | ||
| 260 |
_aLima : _bLa crónica, _c1955. |
||
| 300 |
_a40 páginas ; _c21 cm. |
||
| 505 | _aContenido : Podría alzar mi mano con violencia -- Ahora debería seer feliz -- Yo solo se -- Que voy a decir yo -- Me agobia todo lo mio ... | ||
| 650 |
_aLiteratura _983 |
||
| 650 |
_aPeruana _925277 |
||
| 650 |
_aLatinoamericana _95799 |
||
| 942 |
_2ddc _cLIBROS |
||
| 945 | _arah | ||